00562 2200217 4500001002100000005001500021035002000036245005600056100001100112300003200123260002800155082001000183084001600193020002200209650001000231500003900241990001600280990001600296990001600312990001600328INLIS00000000000010420240506022704 a0010-05240000261 aTata Surya dan Penjelajahan Ruang Angkasa /cDrajat0 aDrajat aiv, 58 hlm :bilus ;c25 cm aJakarta :bGaneca Exact a523.2 a523.2 DRA t a978-979-571-378-4 4aSains aSeri Pengetahuan Umum tentang Alam a00000000385 a00000000384 a00000000386 a00000000387